Imagenes de la organización
Պահպանված է:
| Հիմնական հեղինակ: | |
|---|---|
| Ձևաչափ: | Գիրք |
| Լեզու: | իսպաներեն |
| Հրապարակվել է: |
Ciudad de México
Alfaomega-Rama
1991
|
| Խորագրեր: | |
| Ցուցիչներ: |
Ավելացրեք ցուցիչ
Չկան պիտակներ, Եղեք առաջինը, ով նշում է այս գրառումը!
|
MARC
| LEADER | 00000nam a2200000 a 4500 | ||
|---|---|---|---|
| 001 | UCW2849 | ||
| 003 | CL-VaPUC | ||
| 008 | 930107e19910000MX |||||||||||||||||spa|d | ||
| 082 | 0 | 4 | |a 658.4 |b MOR |2 21 |
| 100 | |a Morgan, Gareth |e autor |9 307185 | ||
| 245 | 1 | 0 | |a Imagenes de la organización |
| 300 | |a 408 p | ||
| 942 | |c BK | ||
| 945 | |d 19930107 00:00:00 |a mfernand | ||
| 260 | |a Ciudad de México |b Alfaomega-Rama |c 1991 | ||
| 650 | 0 | |a Organización |9 256369 | |
| 650 | 7 | |a CONDUCTA ORGANIZACIONAL |2 CL-VaPUC |9 263671 | |
| 583 | |a last modification |c 19930107 00:00:00 |k Rodrigo Vera | ||
| 999 | |c 217277 |d 217275 | ||
| 952 | |0 0 |1 0 |4 0 |6 658_400000000000000_MOR_1991 |7 0 |8 A |9 204440 |a BIBGIM |b BIBGIM |d 2019-11-15 |i 2716747 |o 658.4 MOR 1991 |p 2716747 |r 2025-01-15 |w 2019-11-15 |y BK |k COM | ||
| 952 | |0 0 |1 0 |4 0 |6 658_400000000000000_MOR_1991 |7 0 |8 A |9 204441 |a BIBEDU |b BIBEDU |d 2019-11-15 |i 2953226 |o 658.4 MOR 1991 |p 2953226 |r 2019-11-15 |w 2019-11-15 |y BK |k EDU | ||
| 952 | |0 0 |1 0 |4 0 |6 658_400000000000000_MOR_1991 |7 0 |8 A |9 204442 |a BIBING |b BIBING |d 2019-11-15 |i 2978342 |o 658.4 MOR 1991 |p 2978342 |r 2025-01-20 |w 2019-11-15 |y BK |k CCL | ||
| 952 | |0 0 |1 0 |4 0 |6 658_400000000000000_MOR_1991 |7 0 |8 A |9 204443 |a BIBING |b BIBING |d 2019-11-15 |i 1693344 |o 658.4 MOR 1991 |p 1693344 |r 2025-01-20 |w 2019-11-15 |y BK |k EII | ||
| 952 | |0 0 |1 0 |4 0 |6 658_400000000000000_MOR_1991 |7 0 |8 A |9 204444 |a BIBGIM |b BIBGIM |d 2019-11-15 |i 352759K |l 1 |o 658.4 MOR 1991 |p 352759K |r 2025-01-15 |s 2022-10-17 |w 2019-11-15 |y BK |k SSL | ||
| 952 | |0 0 |1 0 |4 0 |6 658_400000000000000_MOR_1991 |7 0 |8 A |9 204445 |a BIBGIM |b BIBGIM |d 2019-11-15 |i 3527603 |o 658.4 MOR 1991 |p 3527603 |r 2025-01-15 |w 2019-11-15 |y BK |k SSL | ||